| 000 | 00670nam a2200229 a 4500 | ||
|---|---|---|---|
| 999 |
_c678 _d678 |
||
| 001 | 678 | ||
| 003 | BD-JhCC | ||
| 005 | 20190917134018.0 | ||
| 008 | 171008s2007 bg a|||| |||| 00| 0 ben d | ||
| 020 | _a9844150485 | ||
| 035 | _a(BD-JhCC)678 | ||
| 040 |
_aBD-JhCC _dBD-JhCC |
||
| 041 | _aben | ||
| 082 |
_222 _a954.9205 _bHAS 2007 |
||
| 100 | _aহাসনাত ,আবুল | ||
| 245 |
_aমুক্তিযুদ্ধের গল্প / _cআবুল হাসনাত , |
||
| 260 |
_aঢাকা , _bঅবসর , _c২০০৭ |
||
| 300 |
_a564p. : _bill. ; _c22cm. |
||
| 650 |
_aHistory _xLiberatin war ,1971 |
||
| 942 |
_2ddc _cBK _02 |
||